| Tag |
First Indicator |
Second Indicator |
Subfields |
| LEADER |
00000cam a2200000 a 4500 |
| 001 |
in00000018858 |
| 005 |
20151007054102.0 |
| 008 |
880128s1987 caua c 00010 eng d |
| 010 |
|
|
|a 87060823
|
| 035 |
|
|
|a (OCoLC)17428414
|
| 035 |
|
|
|9 AAB3935AM
|
| 040 |
|
|
|a BRL
|c BRL
|d TXA
|d UtOrBLW
|
| 043 |
|
|
|a a-cc---
|
| 049 |
|
|
|a TXAM
|c [A11052677]
|
| 050 |
0 |
0 |
|a ND1045
|b .S873 1987
|
| 100 |
1 |
|
|a Strassberg, Richard E.
|
| 245 |
1 |
0 |
|a Beyond the open door :
|b contemporary paintings from the People's Republic of China /
|c by Richard E. Strassberg and Waldemar A. Nielsen.
|
| 264 |
|
1 |
|a Pasadena, Calif. :
|b Pacific Asia Museum,
|c 1987.
|
| 300 |
|
|
|a 75 pages :
|b color illustrations ;
|c 28 cm.
|
| 336 |
|
|
|a text
|b txt
|2 rdacontent
|
| 337 |
|
|
|a unmediated
|b n
|2 rdamedia
|
| 338 |
|
|
|a volume
|b nc
|2 rdacarrier
|
| 500 |
|
|
|a Catalog of an exhibition held in the fall of 1987.
|
| 650 |
|
0 |
|a Painting, Chinese
|y 20th century
|v Exhibitions.
|
| 700 |
1 |
|
|a Nielsen, Waldemar A.
|
| 710 |
2 |
|
|a Pacific Asia Museum.
|
| 999 |
|
|
|a MARS
|
| 999 |
f |
f |
|s a37ce4f0-4783-3478-a30a-92bdb40767cb
|i 1fb7b462-a70f-3bc4-b999-4571da856f2d
|t 0
|
| 952 |
f |
f |
|p normal
|a Texas A&M University
|b College Station
|c Sterling C. Evans Library
|d Evans: Library Stacks
|t 0
|e ND1045 .S873 1987
|h Library of Congress classification
|i unmediated -- volume
|m A14811052677
|
| 998 |
f |
f |
|a ND1045 .S873 1987
|t 0
|l Evans: Library Stacks
|